000
00255nam a22001217a 4500
008
180803b xxu||||| |||| 00| 0 eng d
082
_a
813.52
245
_a
Algebra
_c
McGinnis
260
_c
2006
300
_a
1
440
_x
0321506022
942
_2
ddc
_c
MX
999
_c
46762
_d
46762